Living with colonialism : nationalism and culture in the Anglo-Egyptian Sudan
Αποθηκεύτηκε σε:
| Κύριος συγγραφέας: | |
|---|---|
| Μορφή: | Βιβλίο |
| Γλώσσα: | English |
| Δημοσίευση: |
Berkeley :
University of California Press,
2003
|
| Σειρά: | Colonialisms ;
; 3 |
| Θέματα: | |
| Ετικέτες: |
Προσθήκη ετικέτας
Δεν υπάρχουν, Καταχωρήστε ετικέτα πρώτοι!
|
MARC
| LEADER | 00000nam a2200000 i 4500 | ||
|---|---|---|---|
| 001 | 1/78236 | ||
| 008 | 080321s2003 eng d | ||
| 020 | |a 0-520-23559-2 | ||
| 035 | |l 10095680 | ||
| 040 | |a GR-MY-UA |b gre |e aacr | ||
| 041 | 0 | |a eng | |
| 082 | 0 | |a 962.404 |2 (22) | |
| 100 | 1 | |a Sharkey, Heather J. |q (Heather Jane) |d 1967- | |
| 245 | 1 | 0 | |a Living with colonialism : |b nationalism and culture in the Anglo-Egyptian Sudan / |c Heather J. Sharkey |
| 260 | |a Berkeley : |b University of California Press, |c 2003 | ||
| 300 | |a xiii, 232 σ.; |b 1 χάρτης; |c 24 εκ. | ||
| 490 | 1 | |a Colonialisms |v ; 3 | |
| 504 | |a Βιβλιογραφία: σ. 193-225 | ||
| 504 | |a Ευρετήριο: σ. 227-232 | ||
| 650 | 0 | 0 | |a Britons |x Colonization |z Sudan. |
| 650 | 0 | 0 | |a Nationalism |z Sudan |x History |y 20th century. |
| 650 | 0 | 0 | |a Postmodernism |z Sudan. |
| 651 | 0 | |a Sudan |x History |y 20th century. | |
| 651 | 0 | |a Great Britain |x Colonies |y Africa |x Cultural policy. | |
| 830 | 0 | |a Colonialisms ; |v ; 3 | |
| 852 | |a INST |b LESVOS |e 20080321 |h 962.404 SHA |p 005100039412 |q 005100039412 |t BK |y 0 | ||
| 901 | |a BIBL1-2008-1 | ||
| 909 | |a Λ |b 143082 | ||
| 922 | |a 1ΕΛΗ |b 200712 |c ΕΠΕΑΕΚ2/ΤΚΑ |d ΠΑΠΑΣΩΤΗΡΙΟΥ | ||
| 970 | |a ΚΑΡΑ |b ΓΙΑΣΕΜΗ |z 2008/03/21 | ||